| 000 | 00000nam##2200000za#4500 |
| 001 | 9.640307 |
| 003 | CaOODSP |
| 005 | 20210624222616 |
| 007 | cr ||||||||||| |
| 008 | 150407|2000||||xxc|||||o f|0| 0 fre|d |
| 040 | |aCaOODSP|bfre |
| 043 | |an-cn--- |
| 086 | 1 |aFs23-391/2000F-PDF |
| 110 | 1 |aCanada. |bMinistère des pêches et des océans. |
| 245 | 13|aLa gestion des pêches sur la côte Atlantique du Canada : |h[ressource électronique]|bdocument de travail sur l'orientation et les principes stratégiques |
| 260 | |aOttawa - Ontario : |bPêches et Océans Canada |cFévrier 2001. |
| 300 | |a82p.|bglossaire, graphique |
| 590 | |a12-21-Supp|b2012-05-18 |
| 691 | 07|aPêcheries|2gcpds |
| 691 | 07|aPolitique des pêches|2gcpds |
| 691 | 07|aConservation des ressources|2gcpds |
| 775 | 08|tThe management of fisheries on Canada's Atlantic coast : |w(CaOODSP)9.696188 |
| 776 | 0#|tThe management of fisheries on Canada's Atlantic coast : |w(CaOODSP)9.647871 |
| 856 | 40|ahttp://publications.gc.ca|qPDF|s314 KB|uhttps://publications.gc.ca/collections/Collection/Fs23-391-2000F.pdf |